LDR 00589naa a2200145 i 4500 001 000000298856 003 CaOOAMICUS 005 20180831172632.0 008 180831n xx u000 u und u 013 $a6465 040 $aSeMil$bita 100 1 $aMaffeis, Angelo,$d<1960- >.$0(OLS)http://semarc/name/2573 245 13$aIl Matrimonio mistero e metafora nella teologia di Matthias Joseph Scheeben. 600 14$aScheeben, Matthias Joseph <1835-1888>.$0(OLS)http://semarc/subject/9238 996 $6245$aIl Matrimonio mistero e metafora nella teologia di Matthias Joseph Scheeben$9(OLS)http://semarc/title/374868